LEADER 01085nam0 2200289 450 001 000023891 005 20081216102754.0 010 $a3-8108-0076-7 100 $a20081216d1978----km-y0itaa50------ba 101 0 $ager 102 $aDE 200 1 $a'Links hatte noch alles sich zu entratseln...'$eWalter Benjamin im Kontext$fherausgegeben von Burkhardt Lindner 210 $aFrankfurt am Main$cSyndikat$d1978 215 $a324 p.$cill.$d17 cm. 600 1$aBenjamin,$bWalter$xSaggi 676 $a834$v(21. ed.)$9Letterature germaniche. Saggi 702 1$aLindner,$bBurkhardt 801 0$aIT$bUniversità della Basilicata - B.I.A.$gRICA$2unimarc 912 $a000023891 996 $aLinks hatte noch alles sich zu entratseln...$991872 997 $aUNIBAS BAS $aLETTERE CAT $aEXT10$b01$c20081216$lBAS01$h1026 CAT $aEXT10$b01$c20081216$lBAS01$h1027 CAT $aEXT10$b01$c20081216$lBAS01$h1027 FMT Z30 -1$lBAS01$LBAS01$mBOOK$1BASA1$APolo Storico-Umanistico$2FMAS$BFondo Masini$3FMas/817/755$6817/755$5B817/755$820081216$f04$FPrestabile Didattica LEADER 01222cam a22003134a 4500 001 991002009009707536 008 130403s2004 nyua b 101 0 eng d 020 $a9780415648653 (pbk.) 035 $ab14106401-39ule_inst 040 $aDip.to Fisica$beng 082 00$a153.7/5$222 084 $aLC BF455 084 $a617.7 245 04$aThe interface of language, vision, and action :$beye movements and the visual world /$cedited by John M. Henderson and Fernanda Ferreira 260 $aNew York :$bPsychology Press,$cc2004 300 $axiv, 399 p. :$bill. ;$c24 cm 504 $aIncludes bibliographical references and index 650 0$aPsycholinguistics$vCongresses 650 0$aEye$xMovements$vCongresses 650 0$aPerceptual-motor processes$vCongresses 650 0$aVisual perception$vCongresses 700 1 $aHenderson, John Michael 700 1 $aFerreira, Fernanda 907 $a.b14106401$b21-01-14$c03-04-13 912 $a991002009009707536 945 $aLE006 617.7 HEN$g1$i2006000170468$lle006$op$pE32.72$q-$rl$s- $t0$u3$v0$w3$x0$y.i15585736$z21-01-14 996 $aInterface of language, vision, and action$9264652 997 $aUNISALENTO 998 $ale006$b03-04-13$cm$da $e-$feng$gnyu$h4$i0